Sledovanie vplyvu použitej kávovej usadeniny na vlastnosti cementových kompozitov
Saved in:
| Main Author: | |
|---|---|
| Other Authors: | |
| Format: | Manuscript Book |
| Language: | Slovak |
| Published: |
2025
|
| Subjects: | |
| Online Access: | http://is.stuba.sk/zp/portal_zp.pl?podrobnosti=175959 CRZP |
| Tags: |
No Tags, Be the first to tag this record!
|
MARC
| LEADER | 00000ntm a22000003a 4500 | ||
|---|---|---|---|
| 001 | stuzp106008 | ||
| 003 | SK-STU | ||
| 005 | 20250722145257.4 | ||
| 007 | ta | ||
| 008 | 150427s2015----xo-----f-mn---000-0-slo-d | ||
| 040 | |a STU |b slo | ||
| 041 | 0 | |a slo | |
| 100 | 1 | |a Farkašová, Zuzana |u 010200 |4 aut |U SvF Stavebná fakulta |T SvF Katedra materiálového inžinierstva a fyziky |X 99460 |U V200 |Y 844 |7 99460 | |
| 242 | 0 | 1 | |a Monitoring the Effect of Used Coffee Grounds on the Properties of Cement Composites |y eng |
| 245 | 1 | 0 | |a Sledovanie vplyvu použitej kávovej usadeniny na vlastnosti cementových kompozitov |
| 260 | |c 2025 | ||
| 650 | 4 | |a compressive strength |2 eng | |
| 650 | 4 | |a spent coffee grounds |2 eng | |
| 650 | 4 | |a biochar |2 eng | |
| 650 | 4 | |a organic waste |2 eng | |
| 650 | 4 | |a CO2 footprint |2 eng | |
| 650 | 4 | |a cement |2 eng | |
| 650 | 4 | |a biouhlie |2 slo | |
| 650 | 4 | |a organický odpad |2 slo | |
| 650 | 4 | |a CO2 stopa |2 slo | |
| 650 | 4 | |a použitá kávová usadenina |2 slo | |
| 650 | 4 | |a cement |2 slo | |
| 650 | 4 | |a pevnosť v tlaku |2 slo | |
| 700 | 1 | |a Štefunková, Zuzana |u 010200 |k Z1 |4 ths |U SvF Stavebná fakulta |T SvF Katedra materiálového inžinierstva a fyziky |X 24756 |U V200 |Y 844 |7 A000024756 | |
| 856 | 4 | |u http://is.stuba.sk/zp/portal_zp.pl?podrobnosti=175959 | |
| 856 | 4 | |u https://opac.crzp.sk/?fn=detailBiblioForm&sid=809C367C54749DCAA248AAFF7E5A |z CRZP | |